000 03966nab a2200337 i 4500
003 BR-BrBNA
005 20250409122120.0
008 250409b2023 bl.ar|pooa||| 00| 0 eng |
040 _aBR-BrBNA
_beng
072 _aF03
072 _aJ11
100 _aVidal-Lezama, Eloisa
100 _aVillegas-Monter, Ángel
100 _aVaquera-Huerta, Humberto
100 _aRobledo-Paz, Alejandrina
100 _aMartinez-Palacios, Alejandro
100 _a Ferreira, Gisela
245 _aMorphometry of chincuya seeds (Annona purpurea Moc. & Sessé ex Dunal) and embryonic growth under dry warm storage
500 _aPublicação online; 31 ref.; 4 tables; Summaries (En, Pt)
520 _a Abstract - In Mexico, Annona purpurea Moc. & Sessé ex Dunal, chincuya is found in mountains and family gardens. It is used as food (fruits), traditional medicine (leaves, stems, roots, seeds, bark), wood in construction, papermaking, carpentry, rope making, and as fuel. There is not enough information on the seed, nor on germination management, which is scarce, prolonged and erratic. Considering that the morphophysiological dormancy is the probable cause, it was necessary, within a broader project, to start with the characterization of the seed and determine the effect of dry warm storage (DWS) on it. The perimeter and length of the embryos increased due to the increase in length of the cotyledons and the hypocotil root axis, while the middle hypocotyl area decreased, forming an acinturated embryo. These data indicate that the embryos of chincuya are underdeveloped since they grew and modified their shape, due to the effect of DWS, until the 6th month. This development of the embryo within the seed during dry warm storage confirms the presence of morphological dormancy. This is the first report of embryo growth and characterization of chincuya seeds. Keywords - morphological dormancy, underdeveloped embryos, post-maturation.
520 _a Resumo - No México, Annona purpurea Moc. & Sessé ex Dunal, a chincuya é encontrada em montanhas e em pomares domésticos. É utilizada como alimento (frutas), na medicina tradicional (folhas, caules, raízes, sementes, casca), como madeira na construção, na fabricação de papel e de cordas, carpintaria e como combustível. Não há informações suficientes sobre a semente, nem sobre o manejo da germinação, que é reduzida, prolongada e errática. Considerando que a dormência morfo-fisiológica seja a provável causa da dormência, considerou-se necessário, dentro de um projeto mais amplo, começar pela caracterização das sementes e pela determinação do efeito do armazenamento a seco e a quente sobre elas. O perímetro e o comprimento dos embriões aumentaram durante o armazenamento devido ao aumento do comprimento dos cotilédones e do eixo do hipocótilo radicular, enquanto a área do hipocótilo médio diminuiu, formando um embrião em forma de ‘cintura’. Esses dados indicam que os embriões de chincuya são subdesenvolvidos, uma vez que crescem e mudam de forma durante os armazenamentos seco e quente, até ao sexto mês. Este desenvolvimento do embrião dentro da semente, durante o armazenamento, confirma a presença de dormência morfológica. Este é o primeiro relato de crescimento embrionário e da caracterização de sementes de chincuya em armazenamento. Termos de indexação - latência morfológica, embriões subdesenvolvidos, pós-maturação.
650 _aANNONACEAE
650 _aSEMENTE
650 _aGERMINAÇÃO
650 _aMORFOLOGIA VEGETAL
650 _aARMAZENAMENTO
773 0 _0805
_9349549
_dJaboticabal-SP Sociedade Brasileira de Fruticultura 1978
_o2025-2069
_tRevista Brasileira de Fruticultura (Brazil)
_x0100-2945
_gv. 23 p. 1-10; (2023)
_wBR2025000597
856 _uhttps://www.scielo.br/j/rbf/a/9F75mhncVtJVrGLXGwNxcFy/?format=pdf&lang=en
942 _cANA
999 _c330931
_d330931